000 00480nam a2200157 a 4500
005 20140414131859.0
008 100914s19uu xx 00 eng d
050 _aFIL 365.7
_bT15 2007
100 _aTan, Emma
245 _aA different kind of policeman.
260 _aManila, Philippines :
_bBookmark,
_c2007.
440 _aGreat men and women of Asia- children's series
650 _aPolicewoman
_xIndia
_xBiography
_xJuvenile literature
650 _a
_x
_x
999 _c110567
_d110567